000
00319nam a22001457a 4500
005
20251119131644.0
082
_a
620.3 BEN
100
_a
Benjamin J
_9
68
245
_a
A Text book of Engineering Mechanics
250
_a
1
260
_a
New Pentex
_b
Kollam
_c
2024
546
_a
English
650
_a
ME
_9
70
942
_c
BK
999
_c
38029
_d
38029